El paradigma digital y sostenible del libro /

Obra que analiza los cambios que está sufriendo la edición y distribución de libros como una oportunidad del sector para reconfigurarse. Se plantea el futuro del libro y el impacto que la era digital ha significado sobre los procesos de creación y edición; la distribución y la comercialización; las...

Ful tanımlama

Kaydedildi:
Detaylı Bibliyografya
Yazar: Gil Espín, Manuel (autor)
Diğer Yazarlar: Rodríguez, Joaquín (autor) (autor)
Materyal Türü: Kitap
Dil:İspanyolca
Baskı/Yayın Bilgisi: Madrid, España : Trama, 2011, cc2011
Seri Bilgileri:(Tipos Móviles ; 12)
Konular:
Etiketler: Etiketle
Etiket eklenmemiş, İlk siz ekleyin!

MARC

LEADER 00000nam^a2200000^a^4500
001 000405536
005 20250521000000.0
009 20260310121835.366
020 |a 978-84-92755-49-3 
037 |a Acervo ITESO - Biblioteca 
041 |a ESP 
082 |a 302. 23242  |b GIL 
100 |a Gil Espín, Manuel  |e (autor) 
245 1 3 |a El paradigma digital y sostenible del libro /  |c M. Gil Espín, J. Rodríguez. 
264 4 |a Madrid, España :  |b Trama,  |c 2011, cc2011 
300 |a 229 p. 
336 |a texto  |b txt  |2 rdacontenido 
337 |a sin mediación  |b n  |2 rdamedio 
338 |a volumen  |b nc  |2 rdasoporte 
440 1 |a (Tipos Móviles ;  |v 12) 
520 |a Obra que analiza los cambios que está sufriendo la edición y distribución de libros como una oportunidad del sector para reconfigurarse. Se plantea el futuro del libro y el impacto que la era digital ha significado sobre los procesos de creación y edición; la distribución y la comercialización; las librerías y las bibliotecas; el precio y el valor; los derechos de autor y la propiedad intelectual, así como sobre el lector y la lectura. 
649 |a XX 
650 |a Industria Editorial -  |x Tema Principal 
650 |a Industria Cultural 
650 |a Lectura -  |x Aspectos Sociales y Culturales 
650 |a Libros Electrónicos -  |x Tema Principal 
650 |a Publicaciones Electrónicas 
650 |a Internet -  |x Aspectos Sociales y Culturales 
650 |a Tecnologías de Comunicación e Información -  |x Aspectos Sociales y Culturales -  |x Tema Principal 
650 |a Tecnología y Sociedad 
650 |a Desarrollo Tecnológico 
650 |a Cambios Sociales y Culturales 
650 |a Sociología de la Cultura 
650 |a Sociología de la Comunicación 
700 |a Rodríguez, Joaquín  |e (autor) 
910 |a Fondo General 
920 |a Impresos - Libros 
930 |a Colección General 
905 |a 101 
901 |a 0500300854  |b IT1  |c ACC  |i C158101  |u 20250521 
902 |a https://opac.biblio.iteso.mx/vufind/Record/000405536